Chettiar Heritage (Record no. 359734)

MARC details
000 -LEADER
fixed length control field 00308 a2200121 4500
005 - DATE AND TIME OF LATEST TRANSACTION
control field 20240930141810.0
008 - FIXED-LENGTH DATA ELEMENTS--GENERAL INFORMATION
fixed length control field 240930b |||||||| |||| 00| 0 eng d
100 ## - MAIN ENTRY--PERSONAL NAME
Author Muthiah S
245 ## - TITLE STATEMENT
Title Chettiar Heritage
260 ## - PUBLICATION, DISTRIBUTION, ETC.
Name of publisher, distributor, etc. Madras Editorial services
Date of publication, distribution, etc. 2000
Place of publication, distribution, etc. Chennai
300 ## - PHYSICAL DESCRIPTION
Extent 320p
Other physical details HB
942 ## - ADDED ENTRY ELEMENTS (KOHA)
Koha item type Books
Holdings
Withdrawn status Lost status Source of classification or shelving scheme Damaged status Not for loan Collection code Home library Current library Date acquired Vendor Net Price Full call number Barcode Date last seen Actual Price Bill Date Koha item type
    Dewey Decimal Classification     Book of B Arch Dr. Bhanuben Nanavati College of Architecture Dr. Bhanuben Nanavati College of Architecture 27/09/2024 170 1890.00 720.9/MUT BNCA-BK-12880 27/09/2024 3000.00 27/09/2024 Reference book